व्यञ्जना : (Record no. 433486)

MARC details
000 -LEADER
fixed length control field 01169nam a2200313 a 4500
001 - CONTROL NUMBER
control field vtls001148637
003 - CONTROL NUMBER IDENTIFIER
control field NLI
005 - DATE AND TIME OF LATEST TRANSACTION
control field 20210603134500.0
008 - FIXED-LENGTH DATA ELEMENTS--GENERAL INFORMATION
fixed length control field 120325n ii 000 0 hin
020 ## - INTERNATIONAL STANDARD BOOK NUMBER
Terms of availability Rs. 8.00
039 #9 - LEVEL OF BIBLIOGRAPHIC CONTROL AND CODING DETAIL [OBSOLETE]
-- 201203252144
-- VLOAD
040 ## - CATALOGING SOURCE
Original cataloging agency NLI
Language of cataloging hineng
Transcribing agency Datasoft_Hindi
Description conventions AACR2
041 0# - LANGUAGE CODE
Language code of text/sound track or separate title hin
044 ## - COUNTRY OF PUBLISHING/PRODUCING ENTITY CODE
MARC country code ii
082 04 - DEWEY DECIMAL CLASSIFICATION NUMBER
Classification number 808.1
100 1# - MAIN ENTRY--PERSONAL NAME
Linkage 880-01
Personal name शर्मा, कृष्णकुमार,
Titles and words associated with a name डॉ.
9 (RLIN) 199018
245 10 - TITLE STATEMENT
Linkage 880-02
Title व्यञ्जना :
Remainder of title सिद्धि और परंपरा /
Statement of responsibility, etc. कृष्णकुमार शर्मा
260 ## - PUBLICATION, DISTRIBUTION, ETC.
Place of publication, distribution, etc. वाराणसी :
Name of publisher, distributor, etc. चौखम्बा विधाभवन प्रकाशन,
Date of publication, distribution, etc. [n.d.]
300 ## - PHYSICAL DESCRIPTION
Extent 168 p. ;
Dimensions 23 cm.
650 #0 - SUBJECT ADDED ENTRY--TOPICAL TERM
Topical term or geographic name entry element Rhetoric
880 10 - ALTERNATE GRAPHIC REPRESENTATION
Linkage 245-02 (B
a Vyañjanā :
b siddhi aur praṁparā /
c Kriṣṇakūmār Śarmā
880 1# - ALTERNATE GRAPHIC REPRESENTATION
Linkage 100-01 (B
a Śarmā, Kriṣṇakūmār,
c Dr
887 ## - NON-MARC INFORMATION FIELD
Content of non-MARC field Chittojit (Sandeep Singh)
901 ## - LOCAL DATA ELEMENT A, LDA (RLIN)
a 40799
b 07.04.1979
902 ## - LOCAL DATA ELEMENT B, LDB (RLIN)
a H 808.1 S 898 v
904 ## - LOCAL DATA ELEMENT D, LDD (RLIN)
c Chittojit (Sandeep Singh)
l D 670
942 ## - ADDED ENTRY ELEMENTS (KOHA)
Source of classification or shelving scheme Dewey Decimal Classification
Koha item type Books
949 ## - LOCAL PROCESSING INFORMATION (OCLC)
-- VIRTUAITEM
-- 10000
-- 100
6 DBA000040799HIN
Holdings
Withdrawn status Lost status Damaged status Not for loan Collection code Home library Current library Shelving location Date acquired Total Checkouts Full call number Barcode Date last seen Price effective from Koha item type
        Hindi National Library of India National Library of India Hindi - Book - Main Stack Division     H 808.1 S 898 v DBA000040799HIN 03/06/2021 03/06/2021 Books
                                                                           
web counter

Copyright ©2020 The National Library of India, Govt. of India ↔ Hosted by NVLI, MOC ↔ Technology and Design by National Library of India, Ministry of Culture, Govt. of India